Statistiques concernant Les 10 meilleurs buteurs entre 2000 et 2010.

Cliquez ici pour prendre le quiz!

Statistiques générales

  • Ce quiz a été pris 131 fois
  • Le résultat moyen est 7 sur 10

Statistiques - réponses

ButsJoueursClubs% Correct
292Thierry HenryArsenal
Barca
99%
237Didier DrogbaLe mans
Guingamp
Marseille
Chelsea
90%
219RaulReal
84%
250Samuel Eto'oMajorque
Barca
Inter
81%
234Andriy ShevchenkoMilan
Chelsea
Dynamo Kiev
80%
244PauletaBordeaux
PSG
75%
257Ruud Van NistelrooyPSV
Man utd
Real
73%
251David VillaSarragosse
Valence
61%
231Diego ForlanMan utd
Villarreal
Atletico
57%
226Dimitar BerbatovLeverkusen
Tottenham
Man utd
29%

Distribution des résultats

Percentile par nombre de réponses

% des personnes avec chaque résultat

Votre développement - résultats

Vous n’avez pas pris ce quiz